00816 2200301 4500001002100000005001500021035002000036007000300056040001700059100002700076245004400103250001000147300003200157504002600189020002200215041000800237090002400245264004000269336002100309337003000330338002300360650001100383850001000394008004100404990002300445990002300468990002300491INLIS00000000000895020260513121541 a0010-1022000325ta aSBPUPADbind0 aChristoper;ePengarang1 aSeni Belajar Chord Gitar /cChristoper; acet.1 a110 hlm :bilus. ;c13x19cm abibiliografi, 103 hlm a978-602-1584-69-9 aind a787.87 CHR s 23- 8 aYogyakarta :bPustaka Cerdas,c2016 2rdacontentateks 2rdamediaatanpa perantara 2rdacarrieravolume 4aMusik/ aPUPAD260513 0  a22.474/KAPD/2016/B a22.473/KAPD/2016/B a22.472/KAPD/2016/B